000 00453nam a2200121Ia 4500
008 160712s9999 xx 000 0 und d
100 _aMendoza, Renier G.
245 _cRenier G. Mendoza,
_aReconstructing images in electrical impedance tomography using hybrid genetic algorithms
260 _c2012
_bScience Diliman
300 _avol. 24 no. 2
650 _xSCIENCE
856 _uhttp://journals.upd.edu.ph/index.php/sciencediliman/issue/view/386/showToc
999 _c297480
_d297480